Approaches to science in the primary school /

Tallennettuna:
Bibliografiset tiedot
Yhteisötekijä: New Education Fellowship
Muut tekijät: Rawson, Wyatt, Isaacs, Nathan, 1895-1966, Lawrence, Evelyn
Aineistotyyppi: Kirja
Kieli:English
Julkaistu: London : Educational Supply Association, 1960.
Aiheet:
LEADER 01056nam a2200265 a 4500
001 c000009066
003 CARM
005 00000000000000.0
008 901017s1960 enk b 00000 eng d
019 1 |a 4657323  |z 22514041  |5 LACONCORD2021 
035 |a (OCoLC)4619129  |5 LACONCORD2021 
040 |a VU  |c VU 
245 0 0 |a Approaches to science in the primary school /  |c edited for the New Education Fellowship by E. Lawrence, Nathan Isaacs, Wyatt Rawson. 
260 |a London :  |b Educational Supply Association,  |c 1960. 
300 |a 143 p. 
504 |a Includes bibliographical references (p. 135-140) 
650 0 |a Science  |x Study and teaching (Primary) 
700 1 |a Rawson, Wyatt. 
700 1 |a Isaacs, Nathan,  |d 1895-1966. 
700 1 |a Lawrence, Evelyn. 
710 2 0 |a New Education Fellowship. 
852 8 |b CARM  |h A2:AG06H0  |i A02676  |p 0182554  |f BK 
082 0 4 |a 372.35  |2 20 
999 f f |i 79198516-087f-5c4e-a7ae-617abdf25742  |s 619044b1-7062-51a0-8970-4e4a33824a07 
952 f f |p Can circulate  |a CAVAL  |b CAVAL  |c CAVAL  |d CARM 1 Store  |e A02676  |f A2:AG06H0  |h Other scheme  |i book  |m 0182554